Statistics for Trackmania Tricks

Click here to take the quiz!

General Stats

  • This quiz has been taken 32 times
  • The average score is 11 of 16

Answer Stats

HintAnswer% Correct
Drift keys at 90 degree angleBugslide
97%
Gain speed by slidingSpeedslide
90%
Turn sharply while on noseNosebug
86%
(TMNF) Finish by hitting side/bottom of finish blockBugfin
83%
(TM2020) 90 degree angle on iceIceslide
83%
Drift at under 200 speedNeoslide
83%
Bugslide into wall and gain speedUberbug
76%
Accelerate+brake+turnDrift
72%
Turn on dirt/grass/plastic without slidingNoslide
69%
(TMNF) Clip edge of road and jumpRammstein Bug
69%
Climb over wallOverwall
62%
(TMNF) Jump on a landingLanding Bug
55%
Reduce airtime on a rampSideramp
55%
Noslide while speedsliding on dirt/plastic/grassQuantum Slide
45%
Grass slide with 900+ speed and nose upDragonyeet
34%
(TMNF) Jump on the side of a blockEdgebug
34%

Score Distribution

Percentile by Number Answered

Percent of People with Each Score

Your Score History

You have not taken this quiz